000 01050nam a2200229 i 4500
001 189319
003 SpMaBN
005 20230906223439.0
008 190522q1922 fr a |||| | spa d
080 _a94(100)"18/19"(07)
100 1 _aMalet, Albert.
_975754
245 1 3 _aLa época contemporánea /
_cAlberto Malet, Julio Isaac ; versión castellana por Miguel Ruiz, cuidadosamente corregida.
260 _aParís :
_bEdiciones Españolas Hachette,
_c[ca. 1922]
300 _a2 v. (230 p.; 269 p.) :
_bil., mapas ;
_c19 cm.
490 1 _aCurso completo de historia para uso de la segunda enseñanza
599 _aV. 1: Obra adornada con 50 grabados y 11 mapas - V. 2: Obra adornada con 86 grabados y 24 mapas.
650 7 _aHistoria contemporánea-
_vLibros escolares.
_9167088
700 1 _aIsaac, Jules.
_965511
830 0 _aCurso completo de historia para uso de la segunda enseñanza
_9225808
852 _aES-MaACL
_jL-32333-34
_z- Enc. cart.
_z. - Donat. herederos de la bibl. de Mª del Pilar Costa Palacín
999 _c189319
_d189319